|
|
|
|
| LEADER |
00000nam a2200000 a 4500 |
| 001 |
vtls010025150 |
| 003 |
SK-MaSNL |
| 005 |
20260301172143.0 |
| 008 |
240318s2009 xr oac 000 0dcze |
| 015 |
|
|
|a SNBZSA2011-00032
|
| 020 |
|
|
|a 9788025449929
|q (brož.)
|
| 035 |
|
|
|a 42F187D2-769A-4B41-B05F-5500DBF1B5C9
|
| 035 |
|
|
|a urn:nbn:sk:snk-aml1x3
|
| 035 |
|
|
|a urn:nbn:sk:snk-am008mis
|
| 040 |
|
|
|a SNK
|b slo
|c SNK
|e AACR2
|
| 041 |
1 |
|
|a cze
|
| 043 |
|
|
|a f-ao---
|
| 044 |
|
|
|a xr
|c CZ
|
| 072 |
|
7 |
|a 323
|x Vnútropolitický vývoj, politický život
|2 konspekt
|
| 080 |
|
|
|a 323.285
|x (673)
|2 2001
|
| 080 |
|
|
|a 343.549
|x (=162.3)
|x (=162.4)
|2 2001
|
| 080 |
|
|
|a 355.257.7
|2 2001
|
| 080 |
|
|
|a 341.348(=162.3)(=162.4)
|2 2001
|
| 080 |
|
|
|a 355.425.4(673)
|2 2001
|
| 100 |
1 |
|
|a Sazeček, Lubomír,
|d 1950-
|4 aut
|9 538291
|
| 245 |
1 |
0 |
|a Zajati v Angole
|p "Rok v buši"
|c Lubomír Sazeček
|
| 246 |
1 |
|
|a Rok v buši
|
| 250 |
|
|
|a 1. vyd.
|
| 260 |
|
|
|a [Brno]
|b Lubomír Sazeček
|c 2009
|
| 300 |
|
|
|a 95 s., [4] s. obr. príl.
|b ilustr., portréty
|c 23 cm
|
| 500 |
|
|
|a 350 výt.
|
| 610 |
2 |
7 |
|a União Nacional para a Independência Total de Angola
|2 snkph
|9 541151
|
| 648 |
|
7 |
|a 1983-1984
|2 SNK
|9 516225
|
| 650 |
0 |
7 |
|a Česi
|z Angola
|y 1981-1990
|2 snkph
|9 538292
|
| 650 |
0 |
7 |
|a únosy
|z Angola
|y 1981-1990
|2 snkph
|9 541152
|
| 650 |
0 |
7 |
|a Slováci
|z Angola
|y 1981-1990
|2 snkph
|9 538293
|
| 650 |
0 |
7 |
|a rukojemníci
|z Angola
|y 1981-1990
|2 snkph
|9 541153
|
| 650 |
0 |
7 |
|a zajatecké tábory
|z Angola
|y 1981-1990
|2 snkph
|2 snkph
|9 541154
|
| 650 |
0 |
7 |
|a guerillové hnutia
|z Angola
|y 1981-1990
|2 snkph
|9 541155
|
| 650 |
0 |
7 |
|a spomienky
|2 snkph
|9 55795
|
| 651 |
|
7 |
|a Angola
|2 snkph
|9 62748
|
| 655 |
|
7 |
|a rozprávanie
|2 snkph
|9 70513
|
| 919 |
|
|
|a 978-80-254-4992-9
|
| 958 |
|
|
|a ZS
|
| 958 |
|
|
|a AO
|
| 958 |
|
|
|a BX
|
| 958 |
|
|
|a CZ
|
| 999 |
|
|
|c 832513
|d 834443
|
| 952 |
|
|
|a SNK
|b SNK
|y PREZ
|7 0
|p 17A0649004
|o snkSC 134691/[3]
|i snk2010/4371
|8 4
|g 6.37
|0 0
|1 0
|4 0
|d 2009-11-26
|f 1
|l 0
|r 2025-07-01 00:00:00
|w 2026-02-24
|
| 952 |
|
|
|a SNK
|b SNK
|y VYP
|7 0
|p 17A0649003
|o snkSC 134691/[3] D1
|i snk2010/4372
|8 4
|g 6.37
|0 0
|1 0
|4 0
|d 2009-11-26
|l 0
|r 2026-02-24 03:43:10
|w 2026-02-24
|